[Event "SLO-chT2 East"]
[Site "Brezice Maribor"]
[Date "2008.09.13"]
[Round "5"]
[White "Kokosinek, Ervin"]
[Black "Zajsek, Franc"]
[Result "1/2-1/2"]
[WhiteElo "1952"]
[BlackElo "1834"]
[PlyCount "24"]
[EventDate "2008.10.24"]
[EventType "team-tourn"]
[EventRounds "9"]
[EventCountry "SLO"]
[SourceTitle "EXT 2010"]
[Source "ChessBase"]
[SourceDate "2010.11.25"]
[SourceVersion "1"]
[SourceVersionDate "2010.11.25"]
[SourceQuality "1"]

1. e4 c6 2. d4 d5 3. Nc3 dxe4 4. Nxe4 Bf5 5. Ng3 Bg6 6. Nf3 e6 7. Ne5 Nd7 8. f4 Ngf6 9. Bd3 Qb6 10. Be3 Bxd3 11. Qxd3 Nd5 12. Nxd7 Kxd7 1/2-1/2

[Event "SLO-chT2 East"]
[Site "Brezice Maribor"]
[Date "2008.06.07"]
[Round "3"]
[White "Kokosinek, Ervin"]
[Black "Habjanic, David"]
[Result "1/2-1/2"]
[WhiteElo "1952"]
[BlackElo "2126"]
[PlyCount "30"]
[EventDate "2008.10.24"]
[EventType "team-tourn"]
[EventRounds "9"]
[EventCountry "SLO"]
[SourceTitle "EXT 2010"]
[Source "ChessBase"]
[SourceDate "2010.11.25"]
[SourceVersion "1"]
[SourceVersionDate "2010.11.25"]
[SourceQuality "1"]

1. c4 Nf6 2. Nc3 d5 3. cxd5 Nxd5 4. Nf3 g6 5. g3 Bg7 6. Bg2 0-0 7. 0-0 e5 8. Qc2 c6 9. d3 h6 10. Bd2 Kh7 11. a3 Be6 12. Na4 Nd7 13. Nc5 Nxc5 14. Qxc5 Qb6 15. Qxb6 Nxb6 1/2-1/2

[Event "SLO-chT2 East"]
[Site "Brezice Maribor"]
[Date "2008.05.24"]
[Round "2"]
[White "Kokosinek, Ervin"]
[Black "Bozic, Marjan"]
[Result "1/2-1/2"]
[WhiteElo "1952"]
[BlackElo "2091"]
[PlyCount "41"]
[EventDate "2008.10.24"]
[EventType "team-tourn"]
[EventRounds "9"]
[EventCountry "SLO"]
[SourceTitle "EXT 2010"]
[Source "ChessBase"]
[SourceDate "2010.11.25"]
[SourceVersion "1"]
[SourceVersionDate "2010.11.25"]
[SourceQuality "1"]

1. c4 Nf6 2. Nc3 g6 3. g3 Bg7 4. Bg2 c6 5. Nf3 d5 6. cxd5 Nxd5 7. 0-0 0-0 8. d4 Nd7 9. Nxd5 cxd5 10. Bf4 Nb6 11. b3 Bf5 12. Rc1 Rc8 13. Qd2 Rxc1 14. Rxc1 Na8 15. Qb4 b6 16. Nh4 Be6 17. Nf3 f6 18. h4 Qd7 19. Qd2 Rc8 20. Ne1 Rxc1 21. Qxc1 1/2-1/2

[Event "SLO-chT2 East"]
[Site "Velenje"]
[Date "2006.06.06"]
[Round "2"]
[White "Kokosinek, Ervin"]
[Black "Sostaric, Marko"]
[Result "1/2-1/2"]
[WhiteElo "1979"]
[BlackElo "2123"]
[PlyCount "21"]
[EventDate "2006.05.21"]
[EventType "team"]
[EventRounds "9"]
[EventCountry "SLO"]
[SourceTitle "EXT 2008"]
[Source "ChessBase"]
[SourceDate "2007.11.25"]
[SourceVersion "1"]
[SourceVersionDate "2007.11.25"]
[SourceQuality "1"]

1. e4 c5 2. Nf3 e6 3. d3 Nc6 4. g3 d5 5. Nbd2 Bd6 6. Bg2 Nge7 7. 0-0 0-0 8. Re1 Qc7 9. c3 f5 10. Nb3 b6 11. exd5 1/2-1/2

[Event "SLO-chT2 East"]
[Site "Velenje"]
[Date "2005.09.29"]
[Round "3"]
[White "Skobe, Miran"]
[Black "Kokosinek, Ervin"]
[Result "1-0"]
[WhiteElo "1965"]
[BlackElo "1971"]
[PlyCount "90"]
[EventDate "2005.05.27"]
[EventType "team"]
[EventRounds "9"]
[EventCountry "SLO"]
[SourceTitle "EXT 2009"]
[Source "ChessBase"]
[SourceDate "2008.11.26"]
[SourceVersion "1"]
[SourceVersionDate "2008.11.26"]
[SourceQuality "1"]

1. d4 Nf6 2. c3 g6 3. Bg5 Bg7 4. e3 d6 5. f4 Nbd7 6. Nf3 Ne4 7. Bh4 Ndf6 8. Bd3 Bf5 9. 0-0 0-0 10. Qc2 Qd7 11. h3 h5 12. Bxf6 Nxf6 13. e4 Bxh3 14. gxh3 Qxh3 15. Qg2 Qxg2+ 16. Kxg2 Ng4 17. Kg3 e5 18. fxe5 dxe5 19. Nxe5 Nxe5 20. dxe5 Bxe5+ 21. Kf3 Rad8 22. Ke2 Kg7 23. Nd2 Rfe8 24. Nc4 f5 25. Nxe5 Rxe5 26. Rf4 Rde8 27. Raf1 fxe4 28. Rf7+ Kh6 29. Bb1 Rg5 30. R7f4 e3 31. Be4 Rg3 32. Bxb7 Rb8 33. Rb4 c5 34. Rb5 Rd8 35. Rf3 Rg2+ 36. Kxe3 Rdd2 37. Rxc5 Rxb2 38. Bd5 Rbd2 39. a4 h4 40. Be4 Rde2+ 41. Kf4 g5+ 42. Kf5 g4 43. Rf4 h3 44. Bxg2 Rxg2 45. Rxg4 Rxg4 1-0